000 00372nam a2200133Ia 4500
005 20260326100036.0
008 260326s9999||||xx |||||||||||||| ||und||
100 _aSchulz, Eberhard
245 0 _aEntre Vidrio y hormigón :
_b Manual de Arquitectura Contemporánea /
_cEberhard Schulz
260 _bEUDEBA
300 _a252 p.
650 _aARQUITECTURA-GENERAL
942 _cBK
999 _c6818
_d6818